Artpress/ (Record no. 3362)

MARC details
000 -LEADER
campo de control de longitud fija 01823nam a22005297a 4500
003 - IDENTIFICADOR DE NÚMERO DE CONTROL
campo de control OSt
005 - FECHA Y HORA DE LA ÚLTIMA TRANSACCIÓN
campo de control 20230413113049.0
008 - DATOS DE LONGITUD FIJA--INFORMACIÓN GENERAL
campo de control de longitud fija 221006b |||||||| |||| 00| 0 eng d
040 ## - FUENTE DE CATALOGACIÓN
Centro/agencia transcriptor Biblioteca Lado V
082 ## - NÚMERO DE LA CLASIFICACIÓN DECIMAL DEWEY
Número de clasificación 700
Número de ítem K41a
100 ## - ENTRADA PRINCIPAL--NOMBRE DE PERSONA
9 (RLIN) 797
Nombre de persona Kerraoul, Jean Pierre de
Término indicativo de función/relación editor
-- director
245 ## - MENCIÓN DEL TÍTULO
Título Artpress/
260 ## - PUBLICACIÓN, DISTRIBUCIÓN, ETC.
Nombre del editor, distribuidor, etc. Court Gallerie
Fecha de publicación, distribución, etc. 2001
Lugar de publicación, distribución, etc. Paris
300 ## - DESCRIPCIÓN FÍSICA
Dimensiones 21x28cm
Extensión 98p.
366 ## - INFORMACIÓN SOBRE DISPONIBILIDAD COMERCIAL
Nota eng
366 ## - INFORMACIÓN SOBRE DISPONIBILIDAD COMERCIAL
Nota fre
490 ## - MENCIÓN DE SERIE
Designación de volumen o secuencia 01
-- 2001
Mención de serie 268
Número Internacional Normalizado para Publicaciones Seriadas 0245 5676
505 ## - NOTA DE CONTENIDO CON FORMATO
Título exponerama
505 ## - NOTA DE CONTENIDO CON FORMATO
Título superfalt
505 ## - NOTA DE CONTENIDO CON FORMATO
Título le marche de l'art
505 ## - NOTA DE CONTENIDO CON FORMATO
Título Damien Hirst a l'academie Lagado
505 ## - NOTA DE CONTENIDO CON FORMATO
Título Anri Sala L'insomnie des images
505 ## - NOTA DE CONTENIDO CON FORMATO
Título les fantomes liquides de Marc Desgrandchamps
505 ## - NOTA DE CONTENIDO CON FORMATO
Título ripostes a l'ere de l'eclipse de l'oeuvre d'art
505 ## - NOTA DE CONTENIDO CON FORMATO
Título STALKER ARPENTER les devenirs
505 ## - NOTA DE CONTENIDO CON FORMATO
Título Gianni Motti au-dela du reel
505 ## - NOTA DE CONTENIDO CON FORMATO
Título Frederic Pardo peintre "hors saisie"
505 ## - NOTA DE CONTENIDO CON FORMATO
Título art press livres
505 ## - NOTA DE CONTENIDO CON FORMATO
Título Philippe Sollers eloge de l'infini
505 ## - NOTA DE CONTENIDO CON FORMATO
Título Catherine Millet une etrange purete
505 ## - NOTA DE CONTENIDO CON FORMATO
Título Loic Wacquant corps et ame
505 ## - NOTA DE CONTENIDO CON FORMATO
Título les livres
505 ## - NOTA DE CONTENIDO CON FORMATO
Título les expositions
505 ## - NOTA DE CONTENIDO CON FORMATO
Título la photographie
505 ## - NOTA DE CONTENIDO CON FORMATO
Título le cinema
505 ## - NOTA DE CONTENIDO CON FORMATO
Título le television
650 ## - PUNTO DE ACCESO ADICIONAL DE MATERIA--TÉRMINO DE MATERIA
Fuente del encabezamiento o término Tesauro de Arte & Arquitectura
Término de materia o nombre geográfico como elemento de entrada ARTE
9 (RLIN) 703
650 ## - PUNTO DE ACCESO ADICIONAL DE MATERIA--TÉRMINO DE MATERIA
Fuente del encabezamiento o término Tesauro de Arte & Arquitectura
Término de materia o nombre geográfico como elemento de entrada EXPOSICIONES
650 ## - PUNTO DE ACCESO ADICIONAL DE MATERIA--TÉRMINO DE MATERIA
Fuente del encabezamiento o término Tesauro de Arte & Arquitectura
Término de materia o nombre geográfico como elemento de entrada BIENAL
650 ## - PUNTO DE ACCESO ADICIONAL DE MATERIA--TÉRMINO DE MATERIA
Fuente del encabezamiento o término Tesauro de Arte & Arquitectura
Término de materia o nombre geográfico como elemento de entrada APRECIACION
650 ## - PUNTO DE ACCESO ADICIONAL DE MATERIA--TÉRMINO DE MATERIA
Fuente del encabezamiento o término Tesauro de Arte & Arquitectura
Término de materia o nombre geográfico como elemento de entrada TEORIA
650 ## - PUNTO DE ACCESO ADICIONAL DE MATERIA--TÉRMINO DE MATERIA
Fuente del encabezamiento o término Tesauro de Arte & Arquitectura
Término de materia o nombre geográfico como elemento de entrada CRITICA
650 ## - PUNTO DE ACCESO ADICIONAL DE MATERIA--TÉRMINO DE MATERIA
Fuente del encabezamiento o término Tesauro de Arte & Arquitectura
Término de materia o nombre geográfico como elemento de entrada FOTOGRAFIA
9 (RLIN) 702
650 ## - PUNTO DE ACCESO ADICIONAL DE MATERIA--TÉRMINO DE MATERIA
Fuente del encabezamiento o término Tesauro de Arte & Arquitectura
Término de materia o nombre geográfico como elemento de entrada LITERATURA
650 ## - PUNTO DE ACCESO ADICIONAL DE MATERIA--TÉRMINO DE MATERIA
Fuente del encabezamiento o término Tesauro de Arte & Arquitectura
Término de materia o nombre geográfico como elemento de entrada PARIS
942 ## - ELEMENTOS DE ENTRADA SECUNDARIOS (KOHA)
Fuente del sistema de clasificación o colocación Clasificación Decimal Dewey
Tipo de ítem Koha Libros
Parte de la signatura que corresponde a la clasificación (Parte de la clasificación) 700
Parte de la signatura que identifica el ejemplar (Parte del ítem) K41a
Suprimir en OPAC No
Holdings
Estatus retirado Estado de pérdida Fuente del sistema de clasificación o colocación Especificación de materiales (volumen encuadernado u otra parte) Estado de daño No para préstamo Colección Biblioteca de origen Biblioteca actual Fecha de adquisición Enumeración/cronología de publicación seriada Número de inventario Total de préstamos Signatura topográfica completa Código de barras Visto por última vez Precio de reemplazo Tipo de ítem Koha
    Clasificación Decimal Dewey 2001     Revistas Biblioteca LadoV Biblioteca LadoV 13/04/2023 268 003166   700 K41a 003166 13/04/2023 13/04/2023 Libros